Statistics for Highest Grossing Films by Letter - A

Click here to take the quiz!

General Stats

  • This quiz has been taken 40 times
  • The average score is 9 of 20

Answer Stats

GrossStarringAnswer% Correct
2.924Sigourney WeaverAvatar
88%
1.519Chris EvansThe Avengers
88%
2.798Robert Downey Jr.Avengers: Endgame
74%
1.149Jason MomoaAquaman
71%
0.519Paul RuddAnt-Man
62%
1.403Chris HemsworthAvengers: Age of Ultron
62%
2.048Scarlett JohanssonAvengers: Infinity War
62%
0.758Andrew GarfieldThe Amazing Spider-Man
62%
0.623Evangeline LillyAnt-Man and the Wasp
53%
2.310Zoe SaldanaAvatar: The Way of Water
53%
0.436Lady GagaA Star Is Born
50%
0.709Emma StoneThe Amazing Spider-Man 2
38%
0.504Robin WilliamsAladdin (1992)
29%
1.051Will SmithAladdin (2019)
29%
0.471Jonathan MajorsAnt-Man and the Wasp: Quantumania
29%
0.554Bruce WillisArmageddon
26%
1.025Johnny DeppAlice in Wonderland
24%
0.547Bradley CooperAmerican Sniper
24%
0.443Jason LeeAlvin and the Chipmunks: The Squeakquel
12%
0.486Tom HanksAngels and Demons
9%

Score Distribution

Percentile by Number Answered

Percent of People with Each Score

Your Score History

You have not taken this quiz